MARC

LEADER 00000nas a2200000 a 4500
001 ssj0000516381
003 WaSeSS
005 20200512172242.0
006 m d
007 cr n
008 110901c20119999fr ar s i0 0eng c
010 |a  2011262047 
022 |a 2221-7371  |l 2221-7363  |y 2221-7363 
024 7 |a 10.1787/22217371  |2 doi 
035 |a (WaSeSS)ssj0000516381 
040 |a FR-PaOEC  |b eng  |c STF  |d CGU  |d OCLCQ  |d OCLCF  |d OCLCO  |d GUA  |d VT2  |d OCLCQ  |d OCLCA  |d AU@  |d OCLCQ  |d WaSeSS 
042 |a pcc 
050 4 |a HD9000.1  |b .A474 
245 0 0 |a Agricultural policy monitoring and evaluation  |h [electronic resource] :  |b OECD and emerging economies. 
260 |a [Paris] :  |b OECD Publishing,  |c [2011]- 
310 |a Annual 
362 1 |a Began with 2011. 
500 |a Prepared by the Trade and Agriculture Directorate of the OECD with the active participation of member countries and emerging economies. 
506 |a License restrictions may limit access. 
580 |a Formed by the merger of: Agricultural policies in emerging economies; and: Agricultural policies in OECD countries. 
580 |a Also issued in French: Politiques agricoles: suivi et évaluation. 
588 |a Description based on: 2011; title from PDF cover (OECD Library Web site, viewed Oct. 6, 2011). 
588 |a Latest issue consulted: 2014 (OECD iLibrary, viewed Feb. 11, 2015). 
650 0 |a Produce trade  |x Government policy  |z OECD countries  |v Periodicals. 
650 0 |a Agriculture and state  |z OECD countries  |v Periodicals. 
650 0 |a Produce trade  |z OECD countries  |v Statistics  |v Periodicals. 
650 0 |a Agriculture  |x Economic aspects  |z OECD countries  |v Statistics  |v Periodicals. 
650 7 |a Agriculture and state.  |2 fast  |0 (OCoLC)fst00801722 
650 7 |a Agriculture  |x Economic aspects.  |2 fast  |0 (OCoLC)fst00801415 
650 7 |a Produce trade.  |2 fast  |0 (OCoLC)fst01078136 
650 7 |a Produce trade  |x Government policy.  |2 fast  |0 (OCoLC)fst01078149 
651 7 |a OECD countries.  |2 fast  |0 (OCoLC)fst01277092 
655 0 |a Electronic journals. 
710 2 |a Organisation for Economic Co-operation and Development. 
710 2 |a OECD Trade and Agriculture Directorate. 
775 0 |t Politiques agricoles: suivi et évaluation  |e fre  |x 2221-7398  |w (OCoLC)752205668 
776 0 8 |i Print version:  |t Agricultural policy monitoring and evaluation  |x 2221-7363  |w (DLC) 2011252936  |w (OCoLC)758396891 
780 0 7 |t Agricultural policies in emerging economies  |x 2074-3068  |w (OCoLC)607810602 
780 0 7 |t Agricultural policies in OECD Countries  |x 1999-1169  |w (DLC) 2011233036  |w (OCoLC)608567515 
856 4 0 |z Full text available from Research Library: 01/01/2012 to 6 months ago  |u https://search.proquest.com/publication/2026434